| 000 | 00631cam a22002178a 4500 | ||
|---|---|---|---|
| 020 | _a9780073516752 | ||
| 020 | _a0073516759 | ||
| 040 | _cDLC | ||
| 082 | 0 | 0 | _a004 HIL 2010 A002 Or. |
| 100 | 1 | _aWilliams, Brian K., | |
| 245 | 1 | 0 |
_aUsing information technology : _ba practical introduction to computers & communications / |
| 250 | _a8th ed. | ||
| 260 |
_aBoston : _bMcGraw Hill, _cc2010. |
||
| 300 |
_axxiv, 563 p. : _bcol. ill. ; _c28 cm. |
||
| 500 | _aIncludes index. | ||
| 650 | 0 | _aComputers. | |
| 650 | 0 | _aTelecommunication systems. | |
| 650 | 0 | _aInformation technology. | |
| 700 | 1 | _aSawyer, Stacey C. | |
| 942 | _cEK | ||
| 999 |
_c16745 _d16745 |
||